000 00662nam a22001457a 4500
003 OSt
005 20150915103715.0
008 150915b xxu||||| |||| 00| 0 eng d
040 _cRUA
082 _aAGR KEO 2000 B023 Or.1
100 _9494
_aKEO, CHANDRY.
245 _aEffect of botanicals on soybean storage pest callosobruchus maculatus ឥទ្ធិពលថ្នាំកសិកម្មផ្សំពីរុក្ខជាតិទៅលើខ្មូតកាល់ឡូសូប្រូគុល​​ម៉ាគុលឡាទុស​លើការស្ដុកសណ្ដែកសៀង
300 _a68p.
_bill.
_c29cm.
942 _2ddc
_cAGR
999 _c476
_d476